000 00482nam a2200181Ia 4500
001 14944
005 20260306164951.0
008 260306t2006||||xx |||||||||||||| ||spa||
041 _aESP
082 _a519.5
_bS26
100 _aSarabia Alegría, José María
_eAUT
245 0 _aCurso básico de estadística para economía y administración de empresas
260 _c2006
300 _a378 páginas :
_c24 cm.
650 _aGEN
654 _aCMA
942 _cLIB
_dJUS
_fJUS
_2ddc
_n
999 _c14944
_d14944